| 000 | 00968nam a2200253 i 4500 | ||
|---|---|---|---|
| 001 | 12945 | ||
| 003 | ES-MaACL | ||
| 005 | 20240429174827.0 | ||
| 007 | t| | ||
| 008 | 010219m19962000sp ||||0| spa j | ||
| 020 | _a84-204-8471-7 | ||
| 040 |
_aM-BN _bspa _cM-BN |
||
| 080 | _a821.134.2-82"19" | ||
| 100 | 1 |
_aDiego, Gerardo, _d1896-1987 _944545 |
|
| 245 | 1 | 0 |
_aObras completas / _cGerardo Diego ; edición preparada por Gerardo Diego ; edición, introducción, cronología, bibliografía y notas de Francisco Javier Díez de Revenga. |
| 260 |
_aMadrid : _bAlfaguara, _c1996-2000. |
||
| 300 |
_a8 v. : _bil. ; _c22 cm. |
||
| 490 | 1 | _aLos Clásicos Alfaguara | |
| 505 | 8 | _aContiene: t. 1-3. Poesía -- t.4-5. Prosa : memoria de un poeta -- t. 6-7-8. Prosa literaria | |
| 700 | 1 |
_aDíez de Revenga, Francisco Javier, _d1946- _944713 |
|
| 830 | 0 |
_aClásicos Alfaguara _9178833 |
|
| 852 |
_aES-MaACL _jL-24341-48 _bR.125701 |
||
| 999 |
_c12945 _d12945 |
||